|
|
|
|
| LEADER |
00000nam a2200000 a 4500 |
| 001 |
vtls001428158 |
| 003 |
SK-MaSNL |
| 005 |
20260302001818.0 |
| 008 |
240318s2001 xo r slo |
| 015 |
|
|
|a SNBA2002/05-01623
|
| 020 |
|
|
|a 8096831836
|
| 035 |
|
|
|a SNK000383150
|
| 035 |
|
|
|a urn:nbn:sk:snk-amknxj
|
| 035 |
|
|
|a urn:nbn:sk:snk-am003vx1
|
| 035 |
|
|
|a 0BDFDD56-1FBA-4DE2-8482-74245D7BF11A
|
| 040 |
|
|
|a SNK
|b slo
|c SNK
|e AACR2
|
| 041 |
0 |
|
|a slo
|
| 044 |
|
|
|a xo
|c SK
|
| 080 |
|
|
|a 37.018.1:159.922.7
|2 1981
|
| 080 |
|
|
|a 159.922.7
|2 1981
|
| 100 |
1 |
|
|a Kipp, Andrea
|4 aut
|9 527332
|
| 240 |
1 |
0 |
|a Elternbriefe - du und wir
|l Slovensky
|
| 245 |
1 |
0 |
|a Listy rodičom o tebe a o nás
|n 4., vo veku od 3 do 4 a 3/4 roka
|c [autorsky spracovala: Andrea Kipp ; preklad: Terézia Lenczová]
|
| 260 |
|
|
|a Bratislava
|b Slovenská spoločnosť pre rodinu a zodpovedné rodičovstvo
|c 2001
|
| 300 |
|
|
|a 54 s.
|c 21 cm
|
| 500 |
|
|
|a Ilustr. na tit. strane
|
| 500 |
|
|
|a Údaj o aut. a prekl. prevzatý z rubu tit. strany
|
| 650 |
0 |
7 |
|a rodinná výchova
|x deti
|2 SNK
|9 65479
|
| 655 |
|
7 |
|a príručky
|2 SNK
|9 74364
|
| 700 |
1 |
|
|a Lenczová, Terézia,
|d 1938-
|4 trl
|9 171449
|
| 919 |
|
|
|a 80-968318-3-6
|
| 958 |
|
|
|a OND
|
| 958 |
|
|
|a TL
|
| 958 |
|
|
|a OP
|
| 958 |
|
|
|a NS
|
| 958 |
|
|
|a DE
|
| 968 |
|
|
|b DT
|
| 999 |
|
|
|c 985439
|d 987369
|
| 952 |
|
|
|t P60, <03>, [BOOK], {603}
|a SNK
|b SNK
|y PREZ
|7 0
|p 17A0331437
|o snkSC 101934/4
|i snkKSP 1585/2002
|0 0
|1 0
|4 0
|d 2002-01-31
|f 1
|l 0
|r 2025-09-23 00:00:00
|w 2026-02-24
|
| 952 |
|
|
|t P60, <04>, [BOOK], {604}
|a SNK
|b SNK
|y VYP
|7 0
|p 17A0331438
|o snkSC 101934/4 D1
|i snkKSP 1586/2002
|0 0
|1 0
|4 0
|d 2002-01-31
|l 0
|r 2005-01-02 00:00:00
|w 2026-02-24
|